Detalles MARC
| 000 -CABECERA |
| campo de control de longitud fija |
03320nam a2200253 4500 |
| 003 - IDENTIFICADOR DEL NÚMERO DE CONTROL |
| campo de control |
vecauma |
| 005 - FECHA Y HORA DE LA ÚLTIMA TRANSACCIÓN |
| campo de control |
20260415190411.0 |
| 007 - CAMPO FIJO DE DESCRIPCIÓN FÍSICA--INFORMACIÓN GENERAL |
| campo de control de longitud fija |
ta |
| 008 - DATOS DE LONGITUD FIJA--INFORMACIÓN GENERAL |
| campo de control de longitud fija |
260415b ve ||||| |||| 00| 0 spa d |
| 020 ## - ISBN |
| Número Internacional Estándar del Libro |
9501210081 |
| 040 ## - FUENTE DE LA CATALOGACIÓN |
| Centro catalogador/agencia de origen |
vecauma |
| Lengua de catalogación |
spa |
| Centro/agencia transcriptor |
vecauma |
| Centro/agencia modificador |
vecauma |
| Normas de descripción |
rda |
| 041 ## - CÓDIGO DE LENGUA |
| Código de lengua del recurso |
spa |
| 100 1# - AUTOR PERSONAL |
| Término indicativo de función/relación |
autor |
| 245 1# - MENCIÓN DE TÍTULO |
| Título |
Comunicación y organización |
| Resto del título |
La organización comunicante y la comunicación organizada |
| Mención de responsabilidad, etc. |
/ Annie Bartoli |
| 264 ## - PRODUCCIÓN, PUBLICACIÓN, DISTRIBUCIÓN, FABRICACIÓN Y COPYRIGHT |
| Producción, publicación, distribución, fabricación y copyright |
Argentina: |
| Nombre del de productor, editor, distribuidor, fabricante |
Ediciones Paidós Ibérica S.A.; |
| Fecha de producción, publicación, distribución, fabricación o copyright |
1992. |
| 300 ## - DESCRIPCIÓN FÍSICA |
| Extensión |
221 páginas. |
| 336 ## - TIPO DE CONTENIDO |
| Término de tipo de contenido |
texto |
| Código de tipo de contenido |
txt |
| Fuente |
rdacontenido |
| 337 ## - TIPO DE MEDIO |
| Nombre/término del tipo de medio |
no mediado |
| Código del tipo de medio |
n |
| Fuente |
rdamedio |
| 338 ## - TIPO DE SOPORTE |
| Nombre/término del tipo de soporte |
volumen |
| Código del tipo de soporte |
nc |
| Fuente |
rdasoporte |
| 505 0# - NOTA DE CONTENIDO CON FORMATO |
| Nota de contenido con formato |
La organización multidimensional /<br/>El caleidoscopio de la comunicación /<br/>Organización comunicante y comunicación organizada /<br/>Gestión "organizacional-comunicación" /<br/> |
| 520 3# - SUMARIO, ETC. |
| Sumario, etc. |
Una de las necesidades básicas del universo empresarial y de las personas que forman parte de él consiste en alcanzar un nivel óptimo de organización y comunicación. A menudo se piensa que éste es un proceso sencillo y natural, y ello hace que los problemas subsiguientes no se aborden de forma global. En efecto; tanto la organización como la comunicación presentan una aparente paradoja: por un lado, parecen algo evidente; por otro, albergan una gran complejidad. El presente libro se enfrenta al tema desde un punto de vista original y práctico a la vez: el de la necesaria adecuación empresarial entre comunicación y organización. Tras analizar con claridad las principales corrientes de pensamiento respecto a esos dos campos, la autora demuestra en qué puntos las prácticas de organización requieren más apertura y flexibilidad, a la vez que caracteriza la comunicación como un proceso estratégico cuya estructura no debe provocar su transformación en algo puramente instrumental. Todos estos objetivos llevan al desarrollo de una comunicación organizada en el interior de una organización comunicante, especialmente mediante la propuesta de metodologías para la acción. Teniendo en cuenta todos los campos interdisciplinarios en los que se mueven tanto la organización como la comunicación -gestión, sociología, psicología, ciencias políticas, ingeniería, informática, antropología y etnología, Bartoli intenta ayudar con este libro a estudiantes, investigadores y profesionales, con el fin de que conozcan algunas vías de acción necesarias para las actuales condiciones de evolución. De este modo, y en el marco de una aproximación global a la gestión estratégica, resultará por fin posible abordar modestamente la complejidad de esos dos conceptos aparentemente tan simples. <br/><br/>Annie Bartoli Annie Bartoli, licenciada en Administración por la Escuela Superior de Comercio de Lyon, profesora de conferencias en el IAE de Lyon y en la Universidad de Saint-Etienne, y codirectores del CERIM (Centro de Investigación y de Intervención en Administración, Lyon), ha publicado otros dos libros; uno de ellos titulado Piloter L'Entreprise en mutation. Es asesora de varias empresas del sector público y privado en los campos de política general, organización y comunicación, y coordina seminarios de formación para ejecutivos y gerentes. |
| 942 #1 - ELEMENTOS DE ENTRADA AGREGADA (KOHA) |
| Fuente del sistema de clasificación o colocación |
Library of Congress Classification |
| Ocultar en OPAC |
No |
| Tipo de ítem Koha |
Libros |